Quizzes
Events
Quiz Creation
Community
Videos
Private Events
Remove Ads
Sign In
Join for FREE
Feedback
Dark Mode
Quiz Categories
Sports
Geography
Music
Movies
Television
Just For Fun
Miscellaneous
History
Literature
Language
Science
Gaming
Entertainment
Religion
Holiday
For Kids
Quiz Lab
Recent
Popular Today
Quiz Kudos Today
Editor Picks
Curator Picks
Quizzes by...
Day
Popularity
Type
Ratings
Length
Year
Community
Subscriptions
Recent Discussions
Orange Saloon
Badges
Playlists
Quests
Create
Leaderboards
Showdown
Live 5
Trivia Bingo
Activity
Puzzle Library
Sporcle Events
Private Events
Virtual Trivia
Globe League
Become a Host
Pub Owners
SporcleCon
Opinionation
Our Games
Videos
Blog
Mobile Apps
Partnerships
Remove Ads and Go Orange
Feedback
Movies
Disney
Marvel Cinematic Universe
Movie Resume
Movie Titles
Oscar
Actor
Actress
Director
Pixar
Role
Movie Quotes
Movie Characters
Box Office
Nominee
Best Picture
Star Wars
James Bond
Horror Movies
Movies
Disney
Marvel Cinematic Universe
Movie Resume
Movie Titles
Oscar
Actor
Actress
Director
Pixar
Role
Movie Quotes
Movie Characters
Box Office
Nominee
Best Picture
Star Wars
James Bond
Horror Movies
Random Quiz
Search Sporcle
×
Quiz Lab
Quiz Lab
Movies
Movie Titles
Select answers by clicking on text or image buttons
Select answers by clicking on text or image buttons
Clickable
Best Score? Go Orange.
Match 50 Obscure Movies 1986 Stats
Can you complete the movie title from these 1986 movies (most are obscure)?
By
DrCbus
15m
50 Questions
558 Plays
558 Plays
558 Plays
Comments
Comments
Give Quiz Kudos
Give Quiz Kudos
-
- Ratings
hide this ad
Forced Order
Answers have to be entered in order
Answers have to be entered in order
Replay
Link that replays current quiz
Next Quiz
Link to next quiz in quiz playlist
You Got
0%
They Got
Avg Score
74%
Avg Friend Score
Upgrade to see
Score Distribution
Jump to the score distribution portion of the page
Score
0/50
Timer
15:00
0
Plays Today
% Correct
Back
94.1%
Ferris
93.9%
Sue
93.4%
Beverly
93.2%
Dangerous
93%
Sisters
93%
Blows
92.3%
Pony
92.1%
Flash
91.8%
Nancy
91.2%
Money
91%
Jason
89.8%
Fly
89.2%
Sky
89.2%
Range
88.5%
Overdrive
88.4%
Moon
87.5%
Common
86.9%
Portrait
86%
Navigator
85.1%
Dead
84.1%
Guys
82.6%
Side
81.5%
Retreat
80.3%
Child
79.2%
% Correct
Alexander
78.7%
Summer
78.7%
Decline
76.5%
Lives
75.1%
Fred
74.2%
Tail
74%
Honeymoon
73.8%
Times
71.9%
Class
70.3%
Life
70.3%
Redneck
69%
Burial
68.3%
Proliferation
67.2%
Zombie
64.9%
Places
64.2%
Reform
62.9%
Blood
62.5%
Bidgood
56.6%
Tonight
47.8%
Job
47.3%
Monterey
43.7%
Blues
40.5%
Hunan
37.6%
Hand
36.9%
Letters
17.6%
Quiz Playlist
Details
Report
Send in Message
Add To Playlist
Clickable:
Select answers by clicking on text or image buttons
Forced Order:
Answers have to be entered in order
Last Updated: Nov 15, 2017
Quiz Scoreboard
CHALLENGE
Sign Up to Join the Scoreboard
Show All
Scores
Hide
Comments
May contain spoilers
Recently Published
Alphabetical 'K' Countries by Flag Minefield
by ylime102
Geography
3m
Pick 6: Fruits
by JohnFran
Miscellaneous
15s
Click the 1999 NBA Draft
by nibperrychub
Sports
2m
More to Explore
Quiz From the Vault
Featured Blog Post
15 Basketball Trivia Facts You Can Be March Mad About
hide this ad
You Might Also Like...
Tags
Clickable Quiz
Missing Word Quiz
Movie Titles Quiz
1980s
Matching
obscure
Today's Top Quizzes in Movies
Browse Movies
hide this ad
Today's Top Quizzes in Movie Titles
Browse Movie Titles
Top Contributed Quizzes in Movies
1
Pick 6: Harry Potter
2
Pick 6: Movie Franchises
3
Pick 6: Actors
4
Pick 6: Actresses
5
Pick 6: Disney Princesses
6
Match The President To The Fictional Crisis
7
Harry Potter Logic Puzzle
8
Movies of the Seasons
9
10 Quentin Tarantino Movies in Order
10
Marvel Movies: Who Wants to be a Millionaire? HARD
Explore More
Trending Topics
NBA
Kpop
Harry Potter
Anime
Marvel
Disney
Crossword
Soccer
The Office
WWE
Country
Pokémon
Puzzle
Song
NFL
hide this ad
More By:
DrCbus
Quiz
Plays
Rating
Category
Featured
Created
Most NBA Playoff Points per Decade
124,140
4.83
Sports
Jul 3, 2014
NBA 40 Points in a Finals Game
68,747
4.63
Sports
Jun 14, 2015
NBA 10,000 Points for One Team
65,489
4.79
Sports
Mar 29, 2016
NBA 2019 All-Star Logic Quiz
55,448
3.31
Sports
Feb 15, 2019
24 Movie Stars in 1999
52,120
4.49
Movies
Jan 14, 2021
Go to Creator's Profile
Score Distribution
Quiz Creator Spotlight
DrCbus
Follow
Send a Message
Quizzes Created
-
Created Quiz Play Count
-
More By This Creator
Popular Quizzes Today
1
Find the US States - No Outlines Minefield
2
Countries of Asia Without Outlines Minefield
3
Pick 6: Fruits
4
Alphabetical 'K' Countries by Flag Minefield
5
The Countries of the World
6
Find the US States
7
Match the Book to the Film X
8
Click the 1999 NBA Draft
More Movies Quizzes
🎥 Empire's 100 Greatest Movies
Quiz Lab
Trending Quizzes
Pick 6: Harry Potter
Pick 6: Mountains
Pick 6: NFL Teams
Pick 6: Movie Franchises
Pick 6: Golfers
Recently Updated
NWSL Teams
pecheneg
Women's Final Four Teams by Year
bhenderson79
Presidents Quartet II
eogle
Anything But Clue(do)
eogle
Anything But Oceanian Capitals
eogle
Anything But 7
eogle
Anything But Thing
eogle
Word Ladder: February 29
pecheneg
Song Title Questions
pecheneg
Women's NCAA Tournament #1 Seeds
pecheneg
Trending Topics
Kpop
NBA
Marvel
Crossword
Harry Potter
Anime
Disney
Pokémon
NFL
The Office
Soccer
Song
Country
WWE
Puzzle
Your Account Isn't Verified!
In order to create a playlist on Sporcle, you need to verify the email address you used during registration. Go to your
Sporcle Settings
to finish the process.
Report this User
Report this user for behavior that violates our
Community Guidelines
.
Details:
Send Report
Go to the Sporcle.com Mobile Site →
Comments